Statistics for Countries Ranked as "Medium" and "Low" HDI

Click here to take the quiz!

General Stats

  • This quiz has been taken 17 times
  • The average score is 51 of 71

Answer Stats

HDIHintCountry% Correct
0.608AfricaCongo
92%
0.459AfricaDR Congo
92%
0.470AfricaEthiopia
92%
0.466AfricaGuinea
92%
0.579AfricaKenya
92%
0.413AfricaSouth Sudan
92%
0.507AfricaSudan
92%
0.423AfricaBurundi
85%
0.563AfricaCameroon
85%
0.381AfricaCentral African Republic
85%
0.401AfricaChad
85%
0.538AfricaComoros
85%
0.610AfricaEswatini
85%
0.518AfricaLesotho
85%
0.521AfricaMadagascar
85%
0.427AfricaMali
85%
0.446AfricaMozambique
85%
0.377AfricaNiger
85%
0.536AfricaRwanda
85%
0.591AfricaZambia
85%
0.564AfricaZimbabwe
85%
0.495AfricaDjibouti
77%
0.596AfricaGhana
77%
0.461AfricaGuinea Bissau
77%
0.604AsiaLaos
77%
0.485AfricaMalawi
77%
0.584AsiaMyanmar
77%
0.515AfricaSenegal
77%
0.528AfricaTanzania
77%
0.520AfricaBenin
69%
0.434AfricaBurkina Faso
69%
0.581AsiaCambodia
69%
0.558AfricaEquatorial Guinea
69%
0.435AfricaEritrea
69%
0.468AfricaGambia
69%
0.651North AmericaGuatemala
69%
0.689AsiaIraq
69%
0.624OceaniaKiribati
69%
0.465AfricaLiberia
69%
0.698OceaniaMarshall Islands
69%
0.527AfricaMauritania
69%
0.656North AmericaNicaragua
69%
0.534AfricaNigeria
69%
0.543OceaniaPapua New Guinea
69%
0.609AfricaSão Tomé and Principe
69%
0.513AfricaTogo
69%
0.529AfricaUganda
69%
0.597OceaniaVanuatu
69%
0.493AsiaAfghanistan
62%
0.614AsiaBangladesh
62%
0.617AsiaBhutan
62%
0.626AsiaEast Timor
62%
0.667North AmericaEl Salvador
62%
0.615OceaniaFS Micronesia
62%
0.503North AmericaHaiti
62%
0.623North AmericaHonduras
62%
0.516AfricaIvory Coast
62%
0.676AfricaMorocco
62%
0.580AsiaNepal
62%
0.438AfricaSierra Leone
62%
0.557OceaniaSolomon Islands
62%
0.693AsiaVietnam
62%
0.463AsiaYemen
62%
0.574AfricaAngola
54%
0.680South AmericaGuyana
54%
0.647AsiaIndia
54%
0.645AfricaNamibia
54%
0.674AsiaKyrgyzstan
46%
0.549AsiaSyria
46%
0.560AsiaPakistan
38%
0.653AsiaTajikistan
38%

Score Distribution

Percentile by Number Answered

Percent of People with Each Score

Your Score History

You have not taken this quiz